[Event "Box Hill op"]
[Site "Box Hill"]
[Date "2019.11.15"]
[Round "4"]
[White "Lin, Emily"]
[Black "Chmiel, Rad"]
[Result "1-0"]
[WhiteElo "1608"]
[BlackElo "1746"]
[PlyCount "145"]
[EventDate "2019.10.18"]
[EventType "swiss"]
[EventRounds "9"]
[EventCountry "AUS"]
[SourceTitle "EXT 2021"]
[Source "ChessBase"]
[SourceDate "2020.10.23"]
[SourceVersion "1"]
[SourceVersionDate "2020.10.23"]
[SourceQuality "1"]

1. d4 Nf6 2. c4 g6 3. Nc3 Bg7 4. e4 d6 5. Bd3 0-0 6. Nge2 Nc6 7. f3 Nd7 8. Be3 e5 9. d5 Ncb8 10. 0-0 a5 11. a3 Nc5 12. Bc2 f5 13. exf5 gxf5 14. Qd2 f4 15. Bf2 Bd7 16. b4 axb4 17. axb4 Rxa1 18. Rxa1 Nca6 19. Ne4 Be8 20. Rb1 b6 21. c5 dxc5 22. bxc5 Nxc5 23. Nxc5 bxc5 24. Bxc5 Rf6 25. Bf2 Nd7 26. Bh4 Qe7 27. Qc3 Nb6 28. Be4 Qd6 29. Bxf6 Bxf6 30. Rd1 c6 31. Qd3 cxd5 32. Bxd5+ Nxd5 33. Qxd5+ Qxd5 34. Rxd5 Bf7 35. Ra5 Kg7 36. g3 fxg3 37. hxg3 h5 38. Kg2 Bc4 39. Nc3 Bd3 40. Nd1 h4 41. Nf2 Bc2 42. g4 Kg6 43. Rc5 Bb1 44. Rc1 Ba2 45. Ne4 Bd5 46. Nc5 h3+ 47. Kg3 h2 48. Rf1 Bc4 49. Rh1 Bg5 50. Kxh2 Bf4+ 51. Kg2 Be3 52. Ne4 Bd5 53. Re1 Bd4 54. Nd6 Kg5 55. Nf5 Kf4 56. Nh4 Kg5 57. Kg3 Bc3 58. Rh1 Bd2 59. Ng2 Bf7 60. Kf2 e4 61. Rd1 exf3 62. Kxf3 Bd5+ 63. Kg3 Bxg2 64. Kxg2 Bf4 65. Kf3 Bb8 66. Rd5+ Kf6 67. g5+ Kg6 68. Kg4 Kf7 69. Kf5 Bg3 70. g6+ Kg7 71. Rd7+ Kf8 72. g7+ Kg8 73. Kg6 1-0

[Event "Melbourne op"]
[Site "Melbourne"]
[Date "2012.04.30"]
[Round "1"]
[White "Beaumont, David"]
[Black "Chmiel, Rad"]
[Result "1-0"]
[WhiteElo "2050"]
[BlackElo "1847"]
[PlyCount "95"]
[EventDate "2012.04.30"]
[EventType "swiss"]
[EventRounds "9"]
[EventCountry "AUS"]
[SourceTitle "EXT 2019"]
[Source "ChessBase"]
[SourceDate "2018.10.10"]
[SourceVersion "1"]
[SourceVersionDate "2018.10.10"]
[SourceQuality "1"]

1. Nf3 f5 2. g3 Nf6 3. Bg2 e6 4. c4 Be7 5. 0-0 0-0 6. b3 d6 7. d3 Qe8 8. Nc3 Qh5 9. h3 c6 10. e3 e5 11. Nh2 Qxd1 12. Rxd1 g5 13. d4 exd4 14. Rxd4 Ne8 15. Bb2 Bf6 16. Rd2 Na6 17. Na4 Nac7 18. Rad1 h6 19. Ba3 c5 20. Bb2 Kg7 21. Bc3 Rb8 22. Bxf6+ Kxf6 23. Rxd6+ Nxd6 24. Rxd6+ Kg7 25. Nxc5 b6 26. Nd3 Bb7 27. Ne5 Bxg2 28. Kxg2 Rbd8 29. Rg6+ Kh7 30. Rc6 Na6 31. Nhf3 Rc8 32. Rd6 Rc7 33. Nd4 Nc5 34. Rd5 Rf6 35. Rd8 Ne6 36. Re8 Ng7 37. Ra8 a5 38. f4 gxf4 39. gxf4 Ne6 40. Rb8 Nc5 41. Kf3 Nd7 42. Re8 Nc5 43. Rd8 Nb7 44. Rb8 Nc5 45. h4 Ne4 46. h5 Rg7 47. Ng6 Nc5 48. Rh8# 1-0

[Event "Doeberl Cup Major 47th"]
[Site "Canberra"]
[Date "2009.04.11"]
[Round "4"]
[White "Chmiel, Rad"]
[Black "Anderson Smith, William T"]
[Result "1-0"]
[WhiteElo "1728"]
[BlackElo "1516"]
[PlyCount "45"]
[EventDate "2009.04.10"]
[EventType "swiss"]
[EventRounds "6"]
[EventCountry "AUS"]
[SourceTitle "CBM 129 Extra"]
[Source "ChessBase"]
[SourceDate "2009.05.05"]
[SourceVersion "2"]
[SourceVersionDate "2009.05.20"]
[SourceQuality "1"]

1. Nf3 Nf6 2. c4 e6 3. Nc3 d5 4. d4 Be7 5. Bg5 c6 6. e3 Nbd7 7. Rc1 0-0 8. Bd3 dxc4 9. Bxc4 Nd5 10. Bxe7 Qxe7 11. 0-0 Nxc3 12. Rxc3 e5 13. Qc2 b5 14. Bd3 h6 15. Be4 b4 16. Rxc6 exd4 17. Rc7 Ba6 18. Bxa8 Bxf1 19. Kxf1 Rxa8 20. Nxd4 Qe8 21. Nc6 Nf6 22. Rxa7 Rc8 23. Ne7+ 1-0

[Event "AUS-ch reserves"]
[Site "Melbourne"]
[Date "2002.01.04"]
[Round "7"]
[White "Chmiel, Rad"]
[Black "Fry, Peter"]
[Result "0-1"]
[WhiteElo "1598"]
[BlackElo "1759"]
[PlyCount "71"]
[EventDate "2001.12.28"]
[EventType "swiss"]
[EventRounds "11"]
[EventCountry "AUS"]
[SourceTitle "EXT 2003"]
[Source "ChessBase"]
[SourceDate "2002.11.25"]
[SourceVersion "1"]
[SourceVersionDate "2002.11.25"]
[SourceQuality "1"]

1. d4 d5 2. Nf3 Nc6 3. c4 Bg4 4. Bf4 e6 5. Ne5 Nxe5 6. Bxe5 Nf6 7. Qb3 Bd6 8. cxd5 exd5 9. Bxf6 Qxf6 10. Qxd5 0-0-0 11. Qc4 Be6 12. Qa4 Kb8 13. Nc3 c5 14. d5 Bd7 15. Qb3 Rhe8 16. e3 Qg6 17. a4 f5 18. a5 Be5 19. Na4 Bxa4 20. Rxa4 Re7 21. Qd1 Bxb2 22. Qb3 Qf6 23. Rc4 f4 24. Rc2 Bd4 25. Be2 fxe3 26. 0-0 exf2+ 27. Kh1 Re3 28. Qc4 Rde8 29. a6 b6 30. d6 Qxd6 31. Rxf2 Qe6 32. Bf1 Re1 33. Qxe6 R1xe6 34. Rf7 Rf6 35. Rxf6 gxf6 36. g3 0-1

[Event "AUS-ch reserves"]
[Site "Melbourne"]
[Date "2001.12.28"]
[Round "1"]
[White "Dizdarevic, Mehmedalija"]
[Black "Chmiel, Rad"]
[Result "1/2-1/2"]
[WhiteElo "2095"]
[BlackElo "1598"]
[PlyCount "34"]
[EventDate "2001.12.28"]
[EventType "swiss"]
[EventRounds "11"]
[EventCountry "AUS"]
[SourceTitle "EXT 2003"]
[Source "ChessBase"]
[SourceDate "2002.11.25"]
[SourceVersion "1"]
[SourceVersionDate "2002.11.25"]
[SourceQuality "1"]

1. e4 c5 2. Nc3 d6 3. g3 Nf6 4. Bg2 g6 5. d3 Bg7 6. f4 Nc6 7. Nf3 0-0 8. 0-0 Rb8 9. h3 Nd4 10. Nh4 Nh5 11. Kh2 e6 12. Nf3 b5 13. g4 Nf6 14. Ne2 b4 15. Ng3 Qa5 16. g5 Nd7 17. Kh1 f5 1/2-1/2

[Event "Box Hill op"]
[Site "Box Hill"]
[Date "2001.10.19"]
[Round "7.15"]
[White "Chmiel, Rad"]
[Black "Lawson, Shane"]
[Result "0-1"]
[WhiteElo "1534"]
[BlackElo "1645"]
[PlyCount "32"]
[EventDate "2001.09.??"]
[EventType "swiss"]
[EventRounds "7"]
[EventCountry "AUS"]
[SourceTitle "EXT 2003"]
[Source "ChessBase"]
[SourceDate "2002.11.25"]
[SourceVersion "1"]
[SourceVersionDate "2002.11.25"]
[SourceQuality "1"]

1. Nf3 d6 2. c4 e5 3. g3 f5 4. Bg2 Nf6 5. Nc3 c6 6. 0-0 Be7 7. Qc2 0-0 8. d3 Qe8 9. e4 Qh5 10. Ne2 fxe4 11. dxe4 Bg4 12. Qd3 Nbd7 13. b4 Nxe4 14. Nf4 exf4 15. Qxe4 Bf6 16. Rb1 Bf5 0-1

[Event "Box Hill op"]
[Site "Box Hill"]
[Date "2001.09.11"]
[Round "1.49"]
[White "Chmiel, Rad"]
[Black "Turner, Adrian E"]
[Result "1/2-1/2"]
[WhiteElo "1534"]
[BlackElo "1682"]
[PlyCount "39"]
[EventDate "2001.09.??"]
[EventType "swiss"]
[EventRounds "7"]
[EventCountry "AUS"]
[SourceTitle "EXT 2003"]
[Source "ChessBase"]
[SourceDate "2002.11.25"]
[SourceVersion "1"]
[SourceVersionDate "2002.11.25"]
[SourceQuality "1"]

1. d4 d5 2. Nf3 Nf6 3. g3 c6 4. Bg2 Bg4 5. c4 e6 6. 0-0 Nbd7 7. Qb3 b6 8. Nc3 Bd6 9. e4 Nxe4 10. Nxe4 dxe4 11. Ng5 Nf6 12. Nxe4 Nxe4 13. Bxe4 Rc8 14. Qd3 f5 15. Bg2 0-0 16. Re1 Re8 17. h3 Bh5 18. d5 cxd5 19. cxd5 Bb4 20. Bd2 1/2-1/2